| 000 | 00824nam a2200241 a 4500 | ||
|---|---|---|---|
| 001 | BRCA_1248 | ||
| 005 | 20190320203340.0 | ||
| 008 | 040512s2003 mx-a---###---#000-0#spa-# | ||
| 020 | _a9703503713 | ||
| 050 | 4 |
_aN6553 _b.T39 2003 |
|
| 245 | 1 | 0 |
_aTepotzotlán _bla vida y la obra en la Nueva España _cMuseo Nacional del Virreinato. |
| 250 | _a2 | ||
| 260 |
_aMéxico _bAsociación de Amigos Museo Nacional del Virreinato: CONACULTA, INAH _c2003 |
||
| 300 |
_a388 p. _bil. a color _c33 cm. |
||
| 500 | _aIncluye lista de obras | ||
| 504 | _aBibliografía: p. 379-381 | ||
| 610 | 2 | 4 |
_aMuseo Nacional del Virreinato (México) _93593 |
| 650 | 1 | 4 |
_aArte colonial _zMéxico _94114 |
| 650 | 1 | 4 |
_aArte mexicano _92321 |
| 650 | 1 | 4 |
_aArte _zMéxico _94115 |
| 710 | 2 |
_aMuseo Nacional del Virreinato (México) _93593 |
|
| 942 |
_2lcc _cB |
||
| 999 |
_c1118 _d1118 |
||